Đẩy nhanh tiến trình công nghiệp hoá, hiện đại hoá thủ đô giai đoạn 2016-2020 /
Guardat en:
| Autor principal: | |
|---|---|
| Format: | Article |
| Idioma: | Vietnamese |
| Matèries: | |
| Etiquetes: |
Afegir etiqueta
Sense etiquetes, Sigues el primer a etiquetar aquest registre!
|
| Thư viện lưu trữ: | Thư viện Trường Đại học Đà Lạt |
|---|
| LEADER | 00823nam a2200265 4500 | ||
|---|---|---|---|
| 001 | DLU180187859 | ||
| 005 | ##20181015 | ||
| 040 | # | # | |a DLU |b vie |
| 041 | # | # | |a vie |
| 044 | # | # | |a vn |
| 100 | # | # | |a Nguyễn Thành Công. |
| 245 | # | # | |a Đẩy nhanh tiến trình công nghiệp hoá, hiện đại hoá thủ đô giai đoạn 2016-2020 / |c Nguyễn Thành Công. |
| 653 | # | # | |a Công nghiệp hoá |
| 653 | # | # | |a Hiện đại hoá |
| 653 | # | # | |a Thủ đô Hà Nội |
| 773 | # | # | |t Kinh tế & Phát triển |g Số 226, 2016, tr. 76-82 |
| 920 | # | # | |a Phòng Tạp chí -- Trung tâm Thông tin - Thư viện Trường Đại học Đà Lạt |
| 994 | # | # | |a DLU |
| 900 | # | # | |a True |
| 911 | # | # | |a Nguyễn Thị Thu Phương |
| 925 | # | # | |a G |
| 926 | # | # | |a A |
| 927 | # | # | |a BB |
| 980 | # | # | |a Thư viện Trường Đại học Đà Lạt |